Охрана окружающей среды (Запись № 10189358)

Подробности
000 -МАРКЕР
контрольное поле 02513nam0a2200469 i 4500
001 - ИДЕНТИФИКАТОР ЗАПИСИ
контрольное поле RU\NLR\BIBL_A\010189250
005 - ИДЕНТИФИКАТОР ВЕРСИИ
контрольное поле 20260503054144.0
010 ## - МЕЖДУНАРОДНЫЙ СТАНДАРТНЫЙ НОМЕР КНИГИ (ISBN)
Номер (ISBN) 9785446806614
Тираж 500
021 ## - НОМЕР ГОСУДАРСТВЕННОЙ РЕГИСТРАЦИИ
Код страны Российская Федерация
Номер 2013-99810
Номер Листа государственной регистраци 6930
035 ## - ДРУГИЕ СИСТЕМНЫЕ НОМЕРА
Идентификатор записи (NILC)RuMoRGB-006711542
035 ## - ДРУГИЕ СИСТЕМНЫЕ НОМЕРА
Идентификатор записи (NLR Aleph) 010189250
100 ## - ДАННЫЕ ОБЩЕЙ ОБРАБОТКИ
Данные общей обработки 20140211d2014 m y0rusy50 ca
101 0# - ЯЗЫК РЕСУРСА
Язык текста, звукозаписи и т.д. русский
102 ## - СТРАНА ПУБЛИКАЦИИ ИЛИ ПРОИЗВОДСТВА
Страна публикации Российская Федерация
105 ## - ПОЛЕ КОДИРОВАННЫХ ДАННЫХ: ТЕКСТОВЫЕ МАТЕРИАЛЫ, МОНОГРАФИЧЕСКИЕ
Кодированные данные о монографическом текстовом документе a|||j|||000yy
200 1# - ЗАГЛАВИЕ И СВЕДЕНИЯ ОБ ОТВЕТСТВЕННОСТИ
Основное заглавие Охрана окружающей среды
Сведения, относящиеся к заглавию учебник
-- для студентов высших учебных заведений, обучающихся по направлению "Экология и природопользование"
Первые сведения об ответственности [Я. Д. Вишняков, П.В. Зозуля, А.В. Зозуля, С.П. Киселева]
Последующие сведения об ответственности под ред. Я. Д. Вишнякова
205 ## - СВЕДЕНИЯ ОБ ИЗДАНИИ
Сведения об издании 2-е изд., стер.
210 ## - ПУБЛИКАЦИЯ, РАСПРОСТРАНЕНИЕ И ДР.
Место издания, распространения и т.д. Москва
Имя издателя, распространителя и т. д. Академия
Дата издания, распространения и т.д. 2014
215 ## - ФИЗИЧЕСКАЯ ХАРАКТЕРИСТИКА
Специфическое обозначение материала и объем 284, [1] с.
Другие сведения о физической характеристике ил.
Размеры 22
225 1# - СЕРИЯ
Основное заглавие серии Высшее образование
225 1# - СЕРИЯ
Основное заглавие серии Бакалавриат
225 1# - СЕРИЯ
Основное заглавие серии Учебник
300 ## - ОБЩИЕ ПРИМЕЧАНИЯ
Текст примечания Авт. указаны на обороте тит. л.
320 ## - ПРИМЕЧАНИЯ О НАЛИЧИИ В ДОКУМЕНТЕ БИБЛИОГРАФИИ / УКАЗАТЕЛЯ
Текст примечания Библиогр.: с. 271-276
606 ## - НАИМЕНОВАНИЕ ТЕМЫ КАК ПРЕДМЕТ
Наименование темы Биосфера
Формальный подзаголовок Учебники для высших учебных заведений
Тематический подзаголовок Влияние антропических факторов
Системный номер авторитетной/нормативной записи 2231258
Идентификатор авторитетной/нормативной записи RU\NLR\AUTH\661339219
606 ## - НАИМЕНОВАНИЕ ТЕМЫ КАК ПРЕДМЕТ
Наименование темы Окружающая среда
Тематический подзаголовок Влияние антропических факторов
Системный номер авторитетной/нормативной записи 1252126
Идентификатор авторитетной/нормативной записи RU\NLR\AUTH\66512722
606 1# - НАИМЕНОВАНИЕ ТЕМЫ КАК ПРЕДМЕТ
Наименование темы Окружающая среда
Формальный подзаголовок Учебники для высших учебных заведений
Тематический подзаголовок Охрана
Географический подзаголовок Российская Федерация
Системный номер авторитетной/нормативной записи 2098303
Идентификатор авторитетной/нормативной записи RU\NLR\AUTH\661269354
675 ## - УНИВЕРСАЛЬНАЯ ДЕСЯТИЧНАЯ КЛАССИФИКАЦИЯ (UDC/УДК)
Индекс 502/504(075.8)
686 1# - ИНДЕКСЫ ДРУГИХ КЛАССИФИКАЦИЙ
Индекс Х625.9я73
686 1# - ИНДЕКСЫ ДРУГИХ КЛАССИФИКАЦИЙ
Индекс Е081.4я73-1
701 #1 - ИМЯ ЛИЦА - АЛЬТЕРНАТИВНАЯ ОТВЕТСТВЕННОСТЬ
Код отношения Автор
-- Редактор
Материалы, к которым относится поле rus
Графика поля Кириллица
Начальный элемент ввода Вишняков
Часть имени, кроме начального элемента ввода Я. Д.
Расширение инициалов личного имени Яков Дмитриевич
Идентификатор авторитетной/нормативной записи RU\NLR\AUTH\7754778
Системный номер авторитетной/нормативной записи 37710
701 #1 - ИМЯ ЛИЦА - АЛЬТЕРНАТИВНАЯ ОТВЕТСТВЕННОСТЬ
Начальный элемент ввода Зозуля
Часть имени, кроме начального элемента ввода П. В.
Расширение инициалов личного имени Павел Валерьевич
Идентификатор авторитетной/нормативной записи RU\NLR\AUTH\770128633
Системный номер авторитетной/нормативной записи 128602
701 #1 - ИМЯ ЛИЦА - АЛЬТЕРНАТИВНАЯ ОТВЕТСТВЕННОСТЬ
Начальный элемент ввода Зозуля
Часть имени, кроме начального элемента ввода А. В.
Расширение инициалов личного имени Антон Валериевич
Идентификатор авторитетной/нормативной записи RU\NLR\AUTH\770128631
Системный номер авторитетной/нормативной записи 128600
701 #1 - ИМЯ ЛИЦА - АЛЬТЕРНАТИВНАЯ ОТВЕТСТВЕННОСТЬ
Материалы, к которым относится поле rus
Графика поля Кириллица
Начальный элемент ввода Киселева
Часть имени, кроме начального элемента ввода С. П.
Дополнения к именам, кроме дат д-р экон. наук
Даты 1979-
Расширение инициалов личного имени Светлана Петровна
Идентификатор авторитетной/нормативной записи RU\NLR\AUTH\77108964
Системный номер авторитетной/нормативной записи 91889
801 #0 - ИСТОЧНИК ЗАПИСИ
Страна Российская Федерация
Организация RuMoRKP
Дата составления 20130304
Правила каталогизации RCR
801 #2 - ИСТОЧНИК ЗАПИСИ
Страна Российская Федерация
Организация РГБ
Дата составления 20131217
Правила каталогизации rcr
801 #1 - ИСТОЧНИК ЗАПИСИ
Страна Российская Федерация
Организация RuMoRKP
Дата составления 20130304
Источник данных rusmarc
942 ## - ДОПОЛНИТЕЛЬНЫЕ ЭЛЕМЕНТЫ ЗАПИСИ (АБИС)
Тип экземпляра АБИС Книга
980 ## - КОЛЛЕКЦИЯ
Название коллекции НБР

Нет доступных экземпляров.